[Event "Tourn. n9422"]
[Site "www.chess-mail.com"]
[Date "2017.08.21"]
[Round "1"]
[White "Redabond"]
[Black "Pachi"]
[WhiteElo "1640"]
[BlackElo "1550"]
[Result "0-1"]
[Round "1"]
1.d4 d5
2.Bc1f4 f6
3.Nb1c3 c6
4.e3 g5
5.Bf4g3 h5
6.h3 Nb8d7
7.Bf1d3 Rh8h6
8.Bd3e2 Qd8b6
9.Ra1b1 h4
10.Bg3h2 Qb6a5
11.Ng1f3 b5
12.O-O b4
13.Nc3xd5 cxd5
14.Qd1d3 a6
15.Nf3d2 Ra8a7
16.Qd3b3 e5
17.dxe5 fxe5
18.Nd2f3 Rh6h5
19.Bh2xe5 Nd7xe5
20.Nf3xe5 g4
21.Ne5xg4 Bc8xg4
22.Be2xg4 Rh5e5
23.a3 Ng8f6
24.f4 Re5e4
25.Bg4f5 Re4c4
26.Bf5d3 Rc4c7
27.axb4 Bf8xb4
28.Rb1a1 Qa5b6
29.c3 Qb6xe3
30.Kh1 Qe3xd3
31.Qb3xb4 Ra7a8
32.Rf1e1 Nf6e4
33.Ra1d1 a5
34.Rd1xd3 axb4
35.Rd3xd5 Kf7
36.Re1xe4 bxc3
37.bxc3 Rc7xc3
38.Rd5h5 Rc3c1
39.Kh2 Ra8a1
40.Rh5h7 Kf6
41.Rh7xh4 Rc1h1
42.Kg3 Ra1a2
43.Kf3 Rh1f1
44.Kg3 Ra2a3
45.Kh2 Kf5
46.Re4b4 Ra3a2
47.Rb4b5 Kf6
48.Rh4h6 Kg7
49.Rh6c6 Rf1xf4
50.Rb5b7 Rf4f7
51.Rb7xf7 Kxf7
 { time }
0-1

[Event "Tourn. n9443"]
[Site "www.chess-mail.com"]
[Date "2017.08.21"]
[Round "1"]
[White "Cjood"]
[Black "Fabos12"]
[WhiteElo "1950"]
[BlackElo "1930"]
[Result "1-0"]
[Round "1"]
1.e4 e5
2.Ng1f3 Nb8c6
3.Bf1c4 h6
4.O-O Bf8c5
5.c3 d6
6.d4 exd4
7.cxd4 Bc5b6
8.Qd1b3 Qd8e7
9.d5 Nc6d4
10.Nf3xd4 Bb6xd4
11.Bc1d2 Ng8f6
12.Bd2c3 Bd4b6
13.Nb1d2 Bc8d7
14.e5 Nf6g8
15.Ra1e1 O-O-O
16.exd6 Qe7xd6
17.a4 a5
18.Bc3xg7 Rh8h7
19.Bg7e5 Qd6g6
20.Bc4d3 Bd7f5
21.Bd3xf5 Qg6xf5
22.Nd2c4 f6
23.Be5g3 Rd8xd5
24.Re1e8 Rd5d8
25.Nc4xb6 cxb6
26.Rf1c1 Kd7
27.Re8xd8 Kxd8
28.Qb3xg8 Kd7
29.Rc1c7 
1-0

[Event "Tourn. n9430"]
[Site "www.chess-mail.com"]
[Date "2017.08.21"]
[Round "1"]
[White "Fantomas"]
[Black "Yakke"]
[WhiteElo "1709"]
[BlackElo "1810"]
[Result "1-0"]
[Round "1"]
1.e4 e5
2.Ng1f3 d6
3.Nb1c3 Ng8f6
4.h3 h6
5.d4 exd4
6.Nf3xd4 Bc8d7
7.Bf1d3 a6
8.O-O Bf8e7
9.Bc1e3 O-O
10.Qd1d2 c5
11.Nd4f3 Nb8c6
12.a3 Bd7e6
13.Ra1d1 Qd8b6
14.Nc3a4 Qb6c7
15.b3 Rf8d8
16.Qd2c1 b5
17.Na4b2 d5
18.exd5 Nf6xd5
19.Be3d2 c4
20.bxc4 bxc4
21.Nb2xc4 Qc7a7
22.Nf3e5 Qa7c7
23.Ne5xc6 Qc7xc6
24.Bd2a5 Be7g5
25.Ba5d2 Nd5c3
26.Bd2xg5 Rd8xd3
27.Nc4e5 Qc6d5
28.Rd1xd3 Nc3e2
29.Kh1 Qd5xe5
30.Rd3e3 Qe5xg5
31.Re3xe2 Be6c4
32.Qc1xg5 Bc4xe2
33.Qg5d5 Ra8e8
34.Rf1e1 Re8e6
35.Re1xe2 Re6xe2
36.Qd5d8 Kh7
37.Qd8d3 { resign }
1-0

[Event "Tourn. n9419"]
[Site "www.chess-mail.com"]
[Date "2017.08.21"]
[Round "1"]
[White "Scasan55"]
[Black "Astroboy"]
[WhiteElo "1980"]
[BlackElo "2000"]
[Result "0-1"]
[Round "1"]
1.e4 c6
2.d4 d5
3.e5 c5
4.c3 Nb8c6
5.Ng1f3 Bc8g4
6.Bf1e2 e6
7.h3 Bg4h5
8.O-O Qd8b6
9.Qd1a4 cxd4
10.cxd4 Bh5xf3
11.Be2xf3 Qb6xd4
12.Qa4xd4 Nc6xd4
13.Bf3d1 Ng8e7
14.Nb1c3 a6
15.a4 Nd4c6
16.Bd1e2 Nc6xe5
17.Bc1f4 Ne7c6
18.Ra1c1 Ne5g6
19.Bf4g3 Bf8e7
20.Be2d3 Ng6e5
21.Bd3e2 Ne5d7
22.f4 Be7c5
23.Kh2 g6
24.Bg3f2 Bc5xf2
25.Rf1xf2 h5
26.Be2f3 Ra8c8
27.Rf2d2 Nc6a5
28.Rc1e1 Kd8
29.Rd2d3 Na5c6
30.Nc3a2 Nd7c5
31.Rd3d2 Nc5xa4
32.b3 Na4c5
33.Re1b1 Nc6e7
34.b4 Nc5a4
35.b5 a5
36.Rb1c1 Kd7
37.Rd2c2 Rc8xc2
38.Rc1xc2 Rh8c8
39.Rc2d2 b6
40.g4 hxg4
41.Bf3xg4 Rc8c5
42.Bg4d1 Na4c3
43.Na2xc3 Rc5xc3
44.Kg2 Ne7f5
45.Bd1e2 a4
46.Rd2a2 a3
47.Kf2 Rc3xh3
48.Be2f3 Rh3h2
49.Bf3g2 Nf5h4
50.Kg3 Rh2xg2
{ resign }
0-1

[Event "Tourn. n9472"]
[Site "www.chess-mail.com"]
[Date "2017.08.21"]
[Round "1"]
[White "Awfen"]
[Black "Fantomas"]
[WhiteElo "2030"]
[BlackElo "1960"]
[Result "0-1"]
[Round "1"]
1.e4 c5
2.Ng1f3 d6
3.Bf1c4 Ng8f6
4.Nb1c3 e6
5.O-O Nb8c6
6.Bc4b5 Bc8d7
7.e5 Nc6xe5
8.Bb5e2 Ne5xf3
9.Be2xf3 d5
10.d3 Bf8d6
11.Bc1g5 Qd8c7
12.b3 Bd6xh2
13.Kh1 Bh2e5
14.Qd1d2 Qc7a5
15.b4 cxb4
16.Nc3e2 Be5xa1
17.Rf1xa1 Qa5b6
18.Bg5e3 Qb6d6
19.Ra1b1 a5
20.g3 Bd7c6
21.Ne2d4 h6
22.Rb1e1 Kd8
23.Nd4b3 Nf6d7
24.d4 b6
25.Be3f4 Qd6e7
26.Qd2d3 g5
27.Bf4e3 f5
28.Bf3h5 Nd7f6
29.Bh5e2 Nf6e4
30.Kg2 Qe7d6
31.Re1h1 Kc7
32.f3 Ne4xg3
33.Rh1h3 f4
34.Be3f2 Ng3xe2
35.Qd3xe2 Bc6d7
36.Rh3h1 Kb7
37.Bf2e1 Ra8e8
38.Be1f2 Qd6c6
39.Rh1c1 Qc6d6
40.Qe2d3 Re8g8
41.Nb3d2 h5
42.Nd2f1 g4
43.Bf2h4 Qd6f8
44.Rc1e1 Qf8g7
45.Nf1h2 gxf3
46.Kxf3 Qg7g2
47.Kxf4 Qg2xh2
{ resign }
0-1

[Event "Tourn. n9470"]
[Site "www.chess-mail.com"]
[Date "2017.08.21"]
[Round "1"]
[White "Cjood"]
[Black "Estonia"]
[WhiteElo "1990"]
[BlackElo "2060"]
[Result "0-1"]
[Round "1"]
1.e4 c5
2.f4 Nb8c6
3.Nb1c3 e5
4.f5 Ng8f6
5.d3 d5
6.Qd1f3 Nc6d4
7.Qf3d1 dxe4
8.dxe4 Bf8e7
9.Bc1e3 Bc8d7
10.h3 Qd8b6
11.Be3c1 O-O-O
12.a4 a5
13.b3 g6
14.fxg6 hxg6
15.Ng1f3 Bd7c6
16.Nf3g5 Nd4xb3
17.Qd1xd8 Be7xd8
18.cxb3 Qb6xb3
19.Bc1d2 Nf6h5
20.Ra1b1 Qb3a3
21.Ng5xf7 Rh8f8
22.Nf7xe5 Bd8h4
23.Kd1 Bc6xa4
24.Ke2 Nh5g3
25.Kd3 Rf8d8
26.Ke3 c4
27.Ne5xc4 Qa3c5
28.Kf3 Rd8f8
29.Kg4 Qc5h5
{ resign }
0-1

[Event "Tourn. n9447"]
[Site "www.chess-mail.com"]
[Date "2017.08.21"]
[Round "1"]
[White "Johnmcbride"]
[Black "Astroboy"]
[WhiteElo "2000"]
[BlackElo "2270"]
[Result "0-1"]
[Round "1"]
1.d4 e6
2.f4 c5
3.dxc5 Bf8xc5
4.Ng1f3 Ng8f6
5.e3 Nb8c6
6.Bf1d3 O-O
7.O-O a6
8.c3 b5
9.b4 Bc5b6
10.h3 Bc8b7
11.Qd1e2 Qd8c7
12.a3 Qc7xf4
13.Kh1 Qf4c7
14.Nb1d2 Nf6h5
15.Nd2e4 f5
16.Qe2e1 fxe4
17.Rf1f2 exf3
18.g4 Nh5g3
19.Kg1 Nc6e5
20.Bd3c2 Ra8c8
21.Bc1d2 Ne5c4
22.Ra1a2 Nc4xd2
23.Qe1xd2 Qc7xc3
24.Qd2xc3 Rc8xc3
25.Kh2 Ng3e2
{ resign }
0-1

[Event "Tourn. n9419"]
[Site "www.chess-mail.com"]
[Date "2017.08.21"]
[Round "1"]
[White "Fabos12"]
[Black "Astroboy"]
[WhiteElo "1920"]
[BlackElo "2000"]
[Result "0-1"]
[Round "1"]
1.d4 Ng8f6
2.c4 e6
3.Nb1c3 Bf8b4
4.Bc1g5 c5
5.Ra1c1 O-O
6.e3 h6
7.Bg5h4 cxd4
8.exd4 d5
9.cxd5 exd5
10.Bf1d3 Rf8e8
11.Ng1e2 Bc8g4
12.h3 Bg4xe2
13.Bd3xe2 Nb8c6
14.Rc1c2 Re8e4
15.Bh4xf6 Qd8xf6
16.O-O Re4xd4
17.Rc2d2 Rd4xd2
18.Qd1xd2 d4
19.Nc3e4 Bb4xd2
20.Ne4xf6 gxf6
21.Be2f3 f5
22.Bf3xc6 bxc6
23.Rf1d1 Bd2a5
24.Rd1xd4 Ra8d8
25.Rd4a4 Rd8d1
26.Kh2 Ba5c7
27.g3 Bc7b6
28.Kg2 Rd1d2
29.Ra4f4 Rd2xb2
30.a4 Rb2a2
31.Rf4xf5 Ra2xa4
32.Rf5f6 Ra4a2
33.h4 Kg7
34.Rf6xc6 Ra2xf2
35.Kh3 Rf2b2
36.Rc6c8 a5
37.Rc8b8 a4
38.Rb8a8 Rb2a2
39.Kg4 a3
40.h5 Ra2a1
41.Kf4 a2
42.Kg4 f5
43.Kxf5 Ra1f1
{ resign }
0-1

[Event "Tourn. n9464"]
[Site "www.chess-mail.com"]
[Date "2017.08.21"]
[Round "1"]
[White "Churrasca"]
[Black "Redapond1"]
[WhiteElo "1920"]
[BlackElo "1830"]
[Result "1-0"]
[Round "1"]
1.e4 e5
2.Ng1f3 Nb8c6
3.Bf1b5 Nc6e7
4.Nf3xe5 c6
5.Bb5c4 Ng8h6
6.d3 d5
7.exd5 Ne7xd5
8.Qd1f3 f6
9.Qf3h5 Ke7
10.Bc1xh6 gxh6
11.Qh5f7 Kd6
12.Ne5f3 Qd8e7
{ time. }
1-0

[Event "Tourn. n9473"]
[Site "www.chess-mail.com"]
[Date "2017.08.21"]
[Round "1"]
[White "Luban"]
[Black "Liencam2"]
[WhiteElo "2150"]
[BlackElo "2220"]
[Result "0-1"]
[Round "1"]
1.d4 Ng8f6
2.c4 g6
3.e3 Bf8g7
4.Ng1f3 d6
5.h3 Nb8d7
6.Nb1c3 O-O
7.Bf1d3 a6
8.O-O e5
9.dxe5 dxe5
10.Qd1c2 Nd7c5
11.Rf1d1 Qd8e8
12.e4 Nc5e6
13.Nf3xe5 Ne6d4
14.Qc2d2 Qe8xe5
15.f4 Qe5c5
16.Kh1 b6
17.e5 Nf6d7
18.Bd3xg6 hxg6
19.Qd2xd4 Qc5c6
20.Nc3d5 Rf8e8
21.Bc1d2 Bc8b7
22.Bd2c3 Nd7c5
23.b4 Nc5a4
24.Ra1c1 Qc6e6
25.Nd5xc7 Qe6xh3
{ resign }
0-1

[Event "Tourn. n9463"]
[Site "www.chess-mail.com"]
[Date "2017.08.21"]
[Round "1"]
[White "Redapond1"]
[Black "Osopanda"]
[WhiteElo "1830"]
[BlackElo "1660"]
[Result "0-1"]
[Round "1"]
1.d4 d5
2.Bc1f4 e6
3.Nb1c3 Bf8d6
4.Bf4xd6 Qd8xd6
5.Ng1f3 Ng8f6
6.Nc3b5 Qd6b4
7.Nb5c3 c5
8.a3 Qb4xb2
9.Nc3a4 Qb2b5
10.c3 { time. }
0-1

[Event "Tourn. n9426"]
[Site "www.chess-mail.com"]
[Date "2017.08.21"]
[Round "1"]
[White "Falcoale"]
[Black "Roque1"]
[WhiteElo "1960"]
[BlackElo "2040"]
[Result "1-0"]
[Round "1"]
1.e4 c5
2.Ng1f3 e6
3.Bf1c4 Nb8c6
4.a3 Bf8e7
5.O-O Ng8f6
6.d3 d5
7.exd5 exd5
8.Bc4a2 O-O
9.Rf1e1 Bc8g4
10.c3 d4
11.Bc1f4 Nf6h5
12.Bf4c1 Qd8d6
13.h3 Bg4xh3
14.gxh3 Qd6g6
15.Kf1 Be7d6
16.Nf3h4 Qg6f6
17.Qd1xh5 Bd6g3
18.Nh4f3 Bg3d6
19.Bc1g5 Qf6f5
20.Re1e4 Ra8e8
21.Nb1d2 h6
22.Qh5g4 Qf5g6
23.Bg5h4 Qg6h7
24.Nd2c4  { time }
1-0

[Event "Match"]
[Site "www.echecsemail.com"]
[Date "2017.08.21"]
[Round "1"]
[White "Cjood"]
[Black "Attatroll"]
[WhiteElo "1910"]
[BlackElo "1980"]
[Result "0-1"]
[Round "1"]
1.e4 d6
2.d4 Ng8f6
3.f3 g6
4.Bf1d3 Bf8g7
5.Nb1c3 O-O
6.Bc1e3 Nb8c6
7.Ng1e2 Nc6b4
8.Bd3c4 c6
9.a3 Nb4a6
10.Bc4b3 Bc8e6
11.Bb3xe6 fxe6
12.O-O c5
13.dxc5 Na6xc5
14.b4 Nc5d7
15.Qd1d3 Ra8c8
16.Be3xa7 b6
17.Qd3e3 Qd8c7
18.Nc3b5 Qc7b7
19.Ne2c3 Rc8xc3
20.Qe3xc3 Nf6xe4
21.Qc3c7 Qb7xc7
22.Nb5xc7 Bg7xa1
23.Rf1xa1 Ne4c3
24.Ra1e1 Kf7
25.Re1e3 Nc3d5
26.Nc7xd5 exd5
27.a4 Rf8a8
28.Ba7xb6 Nd7xb6
29.a5 Nb6c4
30.Re3e1 e5
31.c3 Ke7
32.g4 Kd7
33.h4 Kc6
34.g5 Nc4d2
35.Re1e3 Ra8f8
36.Kf2 e4
37.Re3e2 Nd2xf3
38.Kg3 Kb5
39.Re2e3 Nf3e5
40.Re3e1 Rf8f3
41.Kg2 Rf3xc3
42.Re1a1 Ne5c6
43.a6 Kb6
44.Ra1b1 Rc3c4
45.b5 Rc4b4
46.Rb1xb4 Nc6xb4
{ resign }
0-1

[Event "Match"]
[Site "www.echecsemail.com"]
[Date "2017.08.21"]
[Round "1"]
[White "Wagner"]
[Black "Azocarwagner"]
[WhiteElo "1820"]
[BlackElo "1299"]
[Result "0-1"]
[Round "1"]
1.e4 e5
2.Ng1f3 Nb8c6
3.a3 Ng8f6
4.Nb1c3 b6
5.Bf1c4 h6
6.Nf3h4 Nf6g8
7.Qd1f3 Ng8f6
8.d3 d6
9.h3 Nc6d4
10.Qf3d1 Nf6d7
11.Bc1e3 Nd4c6
12.Bc4d5 Bc8b7
13.g3 g5
14.Qd1h5 Rh8h7
15.Nh4f3 Nd7f6
16.Bd5xf7 Ke7
17.Qh5g6 Rh7xf7
18.Nc3d5 Nf6xd5
19.exd5 Rf7f6
20.Qg6e4 Nc6b8
21.Nf3xg5 Kd7
22.Qe4g4 Ke8
23.Ng5h7 Bb7c8
24.Qg4g8 Qd8e7
25.Qg8h8 Rf6f7
26.Nh7xf8 Rf7xf8
27.Qh8xh6 Qe7f7
28.c4 Nb8d7
29.Qh6h4 Qf7f3
30.Rh1g1 Nd7f6
31.g4 Nf6g8
32.Qh4h5 Kd8
33.Be3g5 Ng8e7
34.Kd2 Qf3xf2
35.Kc3 Qf2d4
36.Kc2 Rf8f2
37.Bg5d2 Qd4e3
38.Ra1d1 Bc8b7
39.Rg1e1 Qe3g3
40.Qh5h7 Kd7
41.Kb1 Rf2h2
42.Bd2g5 Ra8e8
43.Bg5h4 Qg3xh3
44.Re1g1 Qh3xh4
45.Qh7xh4 Rh2xh4
46.Rd1f1 Ne7g6
47.Rf1f7 Kd8
48.g5 Bb7c8
49.Rg1f1 Ng6f4
50.d4 Bc8a6
51.b3 b5
52.dxe5 bxc4
53.Rf1xf4 Rh4h1
54.Kc2 Kc8
55.e6 Rh1h2
56.Kc3 cxb3
57.Kxb3 Kb7
58.Rf4b4 Kc8
59.e7 Ba6d3
60.Rf7f8 Kd7
61.Rb4b8 { time. }
0-1

[Event "Match"]
[Site "www.echecsemail.com"]
[Date "2017.08.21"]
[Round "1"]
[White "Sagara1977"]
[Black "Azulmarino"]
[WhiteElo "1560"]
[BlackElo "1600"]
[Result "0-1"]
[Round "1"]
1.e4 e5
2.Qd1f3 Ng8f6
3.Bf1c4 Bf8c5
4.Nb1c3 Nb8c6
5.Nc3d5 Nc6d4
6.Qf3d3 c6
7.Nd5xf6 Qd8xf6
8.f3 d6
9.c3 Nd4e6
10.b4 d5
11.Bc4xd5 cxd5
12.bxc5 Ne6xc5
13.Qd3xd5 Qf6e7
14.Bc1a3 Qe7g5
15.Qd5xc5 Qg5e7
16.Qc5xc8 Ra8xc8
17.Ba3xe7 Kxe7
18.Ra1b1 b6
19.Rb1b5 f6
20.Ng1e2 Rh8d8
21.Ne2c1 Rc8c4
22.O-O Rd8xd2
23.a3 Rc4xc3
24.a4 Kd7
25.a5 Kc7
26.a6 Rc3c2
27.Rf1e1 Rd2xg2
28.Kf1 Rc2f2
{ resign }
0-1

[Event "Match"]
[Site "www.echecsemail.com"]
[Date "2017.08.21"]
[Round "1"]
[White "Claymil"]
[Black "Passaroa25"]
[WhiteElo "2050"]
[BlackElo "1680"]
[Result "1-0"]
[Round "1"]
1.c4 c6
2.Nb1c3 d6
3.g3 Bc8e6
4.b3 f6
5.Bf1g2 Be6f7
6.e3 e5
7.Ng1e2 Ng8e7
8.Bc1b2 Ne7g6
9.O-O Bf8e7
10.d4 O-O
11.dxe5 dxe5
12.Qd1c2 Nb8d7
13.Ra1d1 Qd8c7
14.Nc3e4 Rf8d8
15.Rd1d2 Nd7b6
16.Rf1d1 Be7b4
17.Rd2xd8 Ra8xd8
18.a3 Bb4e7
19.f4 Rd8d7
20.Kf2 Nb6c8
21.f5 Ng6h8
22.g4 Nc8d6
23.Ne2g3 a5
24.Ne4c5 Rd7d8
25.Ng3e4 Nd6xe4
26.Nc5xe4 Bf7e8
27.h4 Nh8f7
28.Rd1xd8 Qc7xd8
29.Kg3 Qd8b6
30.Qc2c3 Be8d7
31.Bg2f1 Qb6c7
32.b4 Nf7d6
33.Ne4xd6 Be7xd6
34.c5 Bd6e7
35.e4 Kf8
36.Qc3c4 axb4
37.axb4 b5
38.Qc4a2 Qc7b7
39.Bb2c1 h6
40.g5 h5
41.g6 Ke8
42.Qa2f7 Kd8
43.Qf7xg7 Qb7a7
44.Qg7h8 Kc7
45.Qh8xh5 Qa7a4
46.g7 Qa4xb4
47.Qh5e2 Qb4xc5
48.g8Q Qc5g1
49.Qe2g2 Qg1c5
50.Bc1d2 Qc5a3
51.Qg2f3 Qa3xf3
52.Kxf3 b4
53.h5 b3
54.h6 b2
55.Bf1d3 Kd6
56.Bd2b4 c5
57.Qg8d5 Kc7
58.Bb4xc5 Bd7c6
59.Qd5f7 Bc6d7
60.Qf7xe7 Kc6
61.h7 { resign }
1-0

[Event "Match"]
[Site "www.echecsemail.com"]
[Date "2017.08.21"]
[Round "1"]
[White "Irene"]
[Black "Darknight"]
[WhiteElo "2130"]
[BlackElo "1800"]
[Result "1-0"]
[Round "1"]
1.d4 d5
2.Nb1c3 e6
3.Ng1f3 f6
4.e3 a6
5.Bf1e2 h5
6.Nf3d2 g6
7.Be2d3 f5
8.Nd2f3 Bf8d6
9.Nf3h4 Qd8xh4
10.Bc1d2 Bd6xh2
11.g3 Qh4h3
12.Bd3f1 Qh3g4
13.Rh1xh2 Qg4g5
14.e4 Qg5f6
15.exd5 Qf6xd4
16.Rh2h4 Qd4f6
17.Rh4b4 e5
18.Qd1e2 Ng8e7
19.O-O-O Qf6d6
20.a3 Kf7
21.Qe2f3 Kg7
22.Bd2g5 f4
23.gxf4 Bc8g4
24.Qf3e4 Bg4xd1
25.fxe5 Qd6d7
26.Bg5f6 Kh7
27.Bf6xh8 Kxh8
28.Kxd1 b6
29.e6 Qd7d6
30.Qe4f3 Nb8c6
31.Rb4f4 Ne7f5
32.Bf1d3 Nc6d4
33.Qf3g2 Qd6xf4
34.Qg2xg6 Qf4g4
35.Qg6xg4 hxg4
36.Nc3e4 Nf5e7
37.Ne4c3 b5
38.Bd3e4 a5
39.d6 Ne7c6
40.Nc3xb5 Ra8b8
41.Nb5xc7 Nc6e5
42.e7 a4
43.e8Q Rb8xe8
44.Nc7xe8 Nd4b5
45.Be4f5 Nb5d4
46.d7 Nd4c6
47.Ne8f6 Nc6d8
48.Nf6xg4 Ne5xg4
49.Bf5xg4 Kg7
50.c4 Kf6
51.f4 Ke7
52.Kd2 Nd8c6
53.c5 Kd8
54.Kc3 Nc6e7
55.Kc4 Kc7
56.Kb5 Ne7d5
57.Kxa4 Nd5xf4
58.b4 Nf4d5
59.b5 Nd5c3
60.Ka5 Nc3e4
61.b6 Kd8
62.c6 Ne4c5
63.b7 Kc7
64.b8Q Kxb8
65.d8Q Ka7
66.c7 Nc5b7
67.Kb5 Nb7d6
68.Qd8xd6 Kb7
69.Qd6b6 { resign }
1-0

[Event "Tourn. n9466"]
[Site "www.chess-mail.com"]
[Date "2017.08.22"]
[Round "1"]
[White "Mihaiiorga"]
[Black "Jesmantiz"]
[WhiteElo "2120"]
[BlackElo "2180"]
[Result "0-1"]
[Round "1"]
1.b3 f5
2.Bc1b2 d6
3.e3 e5
4.c4 Ng8f6
5.Nb1c3 Bc8e6
6.g3 c6
7.Bf1g2 Nb8a6
8.a3 Bf8e7
9.Ng1e2 Na6c5
 { time }
0-1

[Event "Tourn. n9470"]
[Site "www.chess-mail.com"]
[Date "2017.08.22"]
[Round "1"]
[White "Cirovicz"]
[Black "Cjood"]
[WhiteElo "2130"]
[BlackElo "2000"]
[Result "1/2-1/2"]
[Round "1"]
1.e4 e5
2.Ng1f3 Ng8f6
3.Nb1c3 Nb8c6
4.d3 Bf8c5
5.Bc1e3 Bc5xe3
6.fxe3 b6
7.h3 g6
8.d4 Qd8e7
9.d5 Nc6d8
10.Bf1c4 d6
11.Bc4b5 Bc8d7
12.a4 Bd7xb5
13.axb5 Nd8b7
14.Nf3d2 O-O
15.Nc3a4 Qe7d7
16.c4 Nb7c5
17.Na4xc5 dxc5
18.Nd2f3 Nf6xe4
19.Nf3xe5 Qd7f5
20.Ne5g4 h5
21.Rh1f1 Qf5g5
22.Ng4f2 Ne4g3
23.Qd1f3 Ra8e8
24.Nf2d1 Ng3xf1
25.Kxf1 a5
26.bxa6 f5
27.a7 Re8a8
28.Nd1c3 f4
29.e4 Qg5e5
{ draw }
1/2-1/2

[Event "Tourn. n9477"]
[Site "www.chess-mail.com"]
[Date "2017.08.22"]
[Round "1"]
[White "Biggles"]
[Black "Falcoale"]
[WhiteElo "2090"]
[BlackElo "1990"]
[Result "1-0"]
[Round "1"]
1.e4 c5
2.Ng1f3 Nb8c6
3.d4 cxd4
4.Nf3xd4 Ng8f6
5.Nb1c3 a6
6.Bc1g5 h6
7.Bg5xf6 exf6
8.Bf1c4 Bf8b4
9.Nd4xc6 bxc6
10.Qd1f3 O-O
11.a3 Bb4a5
12.O-O Bc8b7
13.Ra1d1 Ra8c8
14.b4 Ba5b6
15.Bc4b3 Bb6a7
16.Nc3e2 Rf8e8
17.Ne2f4 c5
18.Qf3h5 c4
19.Bb3a2 Re8e5
20.Qh5h3 Bb7xe4
21.Rd1xd7 Qd8e8
22.Rd7xa7 Be4xc2
23.Qh3d7 Qe8xd7
24.Ra7xd7 Bc2b3
25.Ba2b1 c3
26.Bb1d3 c2
27.Rf1c1 Rc8e8
28.h3 Re5e1
29.Rc1xe1 Re8xe1
30.Kh2 c1Q
31.Rd7d8 { resign }
1-0

[Event "Tourn. n9424"]
[Site "www.chess-mail.com"]
[Date "2017.08.22"]
[Round "1"]
[White "Ffdd65"]
[Black "Roque1"]
[WhiteElo "2150"]
[BlackElo "2040"]
[Result "1-0"]
[Round "1"]
1.e4 c5
2.Ng1f3 e6
3.Bf1e2 Nb8c6
4.c3 d5
5.exd5 exd5
6.d4 Ng8f6
7.h3 Bf8d6
8.O-O O-O
9.Bc1e3 Qd8b6
10.b3 Bc8e6
11.Nb1d2 Ra8e8
12.b4 c4
13.Nf3g5 Be6f5
14.Be2h5 Bf5g6
15.Bh5xg6 fxg6
16.Ng5f3 Nf6e4
17.Nd2xe4 Re8xe4
18.Nf3g5 Re4h4
19.g3 Rh4h5
20.f4 h6
21.g4 Rh5h4
22.Be3f2 hxg5
23.Bf2xh4  { time }
1-0

[Event "Tourn. n9377"]
[Site "www.chess-mail.com"]
[Date "2017.08.22"]
[Round "1"]
[White "Seger"]
[Black "Thrillerfan"]
[WhiteElo "2650"]
[BlackElo "2219"]
[Result "1-0"]
[Round "1"]
1.Ng1f3 Ng8f6
2.c4 g6
3.d4 Bf8g7
4.Nb1c3 d6
5.e4 O-O
6.h3 Nb8a6
7.Bf1d3 e5
8.d5 Na6c5
9.Bd3c2 a5
10.Bc1e3 b6
11.a3 Bc8a6
12.Nf3d2 Nf6e8
13.b4 Nc5xe4
14.Nc3xe4 f5
15.Be3g5 Qd8c8
16.b5 Ba6b7
17.Ne4g3 h6
18.Bg5e3 f4
19.Bc2xg6 fxe3
20.fxe3 Qc8d7
21.Nd2e4 Ne8f6
22.Ne4xf6 Rf8xf6
23.Qd1h5 Bb7xd5
24.cxd5 Qd7xb5
25.Ng3f5 Qb5c4
26.Ra1d1 Qc4c3
27.Kf2 Ra8f8
28.Rh1f1 Qc3xa3
29.Kg1 b5
30.Nf5xh6  { time }
1-0

[Event "Tourn. n9455"]
[Site "www.chess-mail.com"]
[Date "2017.08.22"]
[Round "1"]
[White "Falcoale"]
[Black "Cjood"]
[WhiteElo "2070"]
[BlackElo "1980"]
[Result "0-1"]
[Round "1"]
1.e4 e5
2.Ng1f3 Nb8c6
3.Bf1c4 Ng8f6
4.d3 Bf8c5
5.O-O d5
6.exd5 Nf6xd5
7.Rf1e1 f6
8.a3 Nd5b6
9.Bc4a2 Bc8g4
10.b4 Bc5d4
11.c3 Bd4xc3
12.Nb1xc3 Nc6d4
13.Re1e3 c6
14.h3 Bg4h5
15.Bc1b2 Nd4xf3
16.Re3xf3 Bh5xf3
17.Qd1xf3 Qd8d6
18.Nc3e4 Qd6e7
19.Ra1e1 O-O-O
20.Ne4c5 Qe7d6
21.Qf3f5 Kb8
22.Re1xe5 Ka8
23.Re5e4 h6
24.Qf5e6 Qd6xe6
25.Ba2xe6 Rh8e8
26.Be6f7 Re8xe4
27.dxe4 Nb6c4
28.Bf7xc4 Rd8d2
29.Bb2c3 Rd2c2
30.Bc3xf6 gxf6
31.Bc4e6 b6
32.Nc5d7 Rc2c3
33.a4 Rc3a3
34.b5 Ra3xa4
35.bxc6 Ra4xe4
36.c7 Kb7
37.c8Q Kxc8
38.Nd7xb6 Kb8
39.Nb6d7 Kc7
40.Nd7f8 Kd6
41.Be6g4 a5
42.Bg4h5 Re4e7
43.Nf8g6 Re7c7
44.Ng6h4 a4
45.Nh4f5 Ke5
46.Nf5xh6 a3
47.Nh6f7 Ke6
48.Nf7d8 Ke5
49.Nd8f7 Kd5
50.Nf7d8 a2
51.Bh5f7 Rc7xf7
52.Nd8xf7 a1Q
53.Kh2 Ke6
54.Nf7h6 Qa1e5
55.Kg1 Qe5e1
56.Kh2 Qe1xf2
57.Nh6g4 Qf2f4
58.Kg1 f5
{ resign }
0-1

[Event "Tourn. n9483"]
[Site "www.chess-mail.com"]
[Date "2017.08.22"]
[Round "1"]
[White "Falcoale"]
[Black "Jazzy"]
[WhiteElo "2050"]
[BlackElo "2230"]
[Result "0-1"]
[Round "1"]
1.e4 e5
2.Ng1f3 Nb8c6
3.Bf1c4 Bf8c5
4.O-O Ng8f6
5.c3 Nf6xe4
6.d3 d5
7.Bc4b3 Ne4f6
8.Rf1e1 O-O
9.Nf3xe5 Nc6xe5
10.Re1xe5 Nf6g4
11.Re5e2 Qd8h4
12.h3 Ng4xf2
13.d4 Nf2xd1
{ resign }
0-1

[Event "Tourn. n9484"]
[Site "www.chess-mail.com"]
[Date "2017.08.22"]
[Round "1"]
[White "Cristiano"]
[Black "Cal"]
[WhiteElo "1570"]
[BlackElo "1640"]
[Result "1-0"]
[Round "1"]
1.e4 e5
2.f4 exf4
3.Ng1f3 d6
4.d4 Bc8g4
5.Bc1xf4 Ng8f6
6.Nb1c3 Bf8e7
7.Bf1c4 c6
8.O-O a6
9.a3 b5
10.Bc4d3 O-O
11.d5 c5
12.Qd1e1 Bg4xf3
13.Rf1xf3 h6
14.e5 dxe5
15.Bf4xe5 Rf8e8
16.Qe1d1 Nb8d7
17.Be5f4 Nd7b6
18.Rf3g3 b4
19.Nc3e4 Nb6xd5
20.Bf4xh6 g6
21.h4 Kh7
22.Bh6d2 Re8h8
23.Rg3h3 Kg7
24.Qd1e2 Nf6xe4
25.Qe2xe4 Be7f6
26.axb4 Bf6xb2
27.Ra1xa6 Rh8e8
28.Ra6xg6 Kf8
29.Bd2h6 { resign }
1-0

[Event "Tourn. n9466"]
[Site "www.chess-mail.com"]
[Date "2017.08.22"]
[Round "1"]
[White "Bojan"]
[Black "Mihaiiorga"]
[WhiteElo "2020"]
[BlackElo "2120"]
[Result "1-0"]
[Round "1"]
1.e4 c5
2.Ng1f3 Nb8c6
3.c3 g6
4.Bf1c4 Ng8f6
5.Nf3g5 e6
6.Qd1f3 Bf8g7
7.Nb1a3 a6
8.Bc4d3 d5
9.O-O O-O
10.Qf3g3 c4
11.Bd3c2 b5
12.b4  { time }
1-0

[Event "Match"]
[Site "www.echecsemail.com"]
[Date "2017.08.22"]
[Round "1"]
[White "Joseph1983"]
[Black "Comrade"]
[WhiteElo "2180"]
[BlackElo "2280"]
[Result "1-0"]
[Round "1"]
1.e4 c5
2.f4 Nb8c6
3.Nb1c3 e6
4.Bf1c4 d6
5.d3 Ng8f6
6.Ng1f3 a6
7.a4 Bf8e7
8.O-O O-O
9.e5 dxe5
10.fxe5 Nf6d7
11.Qd1e1 Qd8c7
12.Bc1f4 b6
13.Qe1g3 Kh8
14.Nc3e4 Nc6d4
15.Nf3xd4 cxd4
16.Ra1e1 Bc8b7
17.Ne4g5 Qc7c6
18.Qg3h3 h6
19.Ng5f3 Kh7
20.Bf4g5 Be7xg5
21.Nf3xg5 Kg8
22.Ng5xe6 fxe6
23.Bc4xe6 Kh7
24.Be6xd7 Qc6xc2
25.e6 Rf8xf1
26.Re1xf1 Qc2e2
27.Qh3g3 Qe2e3
28.Qg3xe3 dxe3
29.e7 { resign }
1-0

[Event "Match"]
[Site "www.echecsemail.com"]
[Date "2017.08.22"]
[Round "1"]
[White "Liencam2"]
[Black "Silverking"]
[WhiteElo "2250"]
[BlackElo "1499"]
[Result "0-1"]
[Round "1"]
1.e4 c5
2.Nb1c3 d6
3.Ng1f3 Nb8c6
4.d4 cxd4
5.Nf3xd4 Ng8f6
6.Bc1g5 a6
7.Qd1d2 e6
8.O-O-O Bf8e7
9.f4 Bc8d7
10.Bf1e2 h6
11.Bg5h4 e5
12.Nd4f5 Bd7xf5
13.exf5 Nc6d4
14.g4 Ra8c8
15.Rd1e1 Qd8a5
16.Kb1 Nf6e4
17.Qd2e3 Ne4xc3
18.bxc3 Rc8xc3
19.Qe3f2 Qa5b4
{ resign }
0-1

[Event "Match"]
[Site "www.echecsemail.com"]
[Date "2017.08.22"]
[Round "1"]
[White "Cjood"]
[Black "Estonia"]
[WhiteElo "2030"]
[BlackElo "2030"]
[Result "0-1"]
[Round "1"]
1.Ng1f3 d5
2.g3 c5
3.Bf1g2 Nb8c6
4.O-O e5
5.d3 Ng8f6
6.b3 Bf8e7
7.Bc1b2 Qd8c7
8.Nb1d2 O-O
9.Rf1e1 Bc8g4
10.h3 Bg4xf3
11.Bg2xf3 Nc6d4
12.e3 Nd4xf3
13.Nd2xf3 e4
14.dxe4 dxe4
15.Nf3e5 Be7d6
16.Ne5c4 Bd6xg3
17.Bb2xf6 gxf6
18.Qd1g4 Kh8
19.Qg4xg3 Rf8g8
20.Kh2 Rg8xg3
21.fxg3 Ra8g8
22.Re1g1 h5
23.Ra1f1 b5
24.Nc4d2 Qc7e5
25.Rf1f4 f5
26.Rf4h4 Rg8g5
27.Nd2f1 Kg7
28.Kh1 Qe5b2
29.g4 hxg4
30.hxg4 fxg4
31.Rh4xg4 Rg5xg4
32.Rg1xg4 Kf8
33.Rg4xe4 Qb2xc2
34.Re4h4 Qc2xa2
{ resign }
0-1

[Event "Match"]
[Site "www.echecsemail.com"]
[Date "2017.08.22"]
[Round "1"]
[White "Heaven"]
[Black "Billyg"]
[WhiteElo "1499"]
[BlackElo "1730"]
[Result "1/2-1/2"]
[Round "1"]
1.d4 d6
2.e4 e5
3.g3 a6
4.Bf1g2 h6
5.h4 Nb8c6
6.Ng1e2 Ng8f6
7.f3 Qd8e7
8.c3 Bc8d7
9.Bc1d2 O-O-O
10.g4 Nf6h7
11.Bd2e3 Nh7f6
12.d5 Nc6a5
13.b3 c6
14.Be3b6 Rd8e8
15.Bb6xa5 h5
16.g5 Nf6h7
17.Nb1d2 f6
18.g6 { draw }
1/2-1/2

[Event "Match"]
[Site "www.echecsemail.com"]
[Date "2017.08.22"]
[Round "1"]
[White "Claymil"]
[Black "Heaven"]
[WhiteElo "2060"]
[BlackElo "1499"]
[Result "1-0"]
[Round "1"]
1.c4 c5
2.Nb1c3 e6
3.g3 d6
4.Bf1g2 Nb8d7
5.e3 Bf8e7
6.Ng1e2 Ng8f6
7.O-O Nd7b6
8.b3 d5
9.cxd5 exd5
10.d4 c4
11.Ne2f4 g6
12.h3 Bc8d7
13.Nc3xd5 Bd7c6
14.Nd5xe7 Bc6xg2
15.Kxg2 g5
16.Nf4h5 Qd8xe7
17.Nh5g7 Kf8
18.Ng7f5 Qe7e4
19.Qd1f3 Qe4xf3
20.Kxf3 cxb3
21.axb3 h5
22.Nf5d6 g4
23.hxg4 Nf6xg4
24.Rf1h1 { resign }
1-0